Online
Catalog
Normal view MARC view

Entry Nombre geográfico

Number of records used in: 18

001 - NÚMERO DE CONTROL

  • campo de control: 4092

003 - IDENTIFICADOR DEL NÚMERO DE CONTROL

  • campo de control: BNPHU

005 - FECHA Y HORA DE LA ÚLTIMA TRANSACCIÓN

  • campo de control: 20250507140634.0

008 - DATOS DE LONGITUD FIJA

  • campo de control de longitud fija: 200615|| aca||aabn | a|a d

010 ## - NÚMERO DE CONTROL DE LA BIBLIOTECA DEL CONGRESO

  • Número de control de LC: sh 85074879

040 ## - FUENTE DE LA CATALOGACIÓN

  • Centro catalogador/agencia de origen: DO-SdBNP
  • Lengua de catalogación: spa
  • Centro/agencia transcriptor: BNPHU
  • Normas de descripción: rda

151 ## - ENCABEZAMIENTO--NOMBRE GEOGRÁFICO

  • Nombre geográfico: América Latina

450 ## - TRAZADO DE VÉASE--TÉRMINO DE MATERIA

  • Término de materia o nombre geográfico como elemento de entrada: Iberoamérica

451 ## - TRAZADO DE VÉASE--NOMBRE GEOGRÁFICO

  • Nombre geográfico: Latinoamérica

451 ## - TRAZADO DE VÉASE--NOMBRE GEOGRÁFICO

  • Nombre geográfico: América española

451 ## - TRAZADO DE VÉASE--NOMBRE GEOGRÁFICO

  • Nombre geográfico: América hispana

451 ## - TRAZADO DE VÉASE--NOMBRE GEOGRÁFICO

  • Nombre geográfico: Latinoamérica

451 0# - TRAZADO DE VÉASE--NOMBRE GEOGRÁFICO

  • Nombre geográfico: Latin America

670 ## - FUENTE DE DATOS ENCONTRADOS

  • Cita de la fuente: Work cat.: (OSt)1149: El Comercio de manufacturas de América Latina :, 1992.

670 ## - FUENTE DE DATOS ENCONTRADOS

  • Identificador Uniforme del Recurso: https://librunam.dgb.unam.mx:8443/F/JUITSUSQ6DCB28EFLGTH4JK2XRV9Q85EHIDAHRG2RH5S38UESM-02291?func=full-set-set&set_number=007729&set_entry=000001&format=001 Consultado en 07 de Mayo, 2025

670 ## - FUENTE DE DATOS ENCONTRADOS

  • Cita de la fuente: LEMB digital, 8 diciembre 2022:
  • Información encontrada: (América Latina; variantes: América española; América hispana; Hispanoamérica; Iberoamérica; Latinoamérica)

680 ## - NOTA GENERAL PÚBLICA

  • Texto explicativo: Aquí se asientan las obras sobre el área y/o los países de América del Sur, América Central y México, así como las obras relacionadas de manera colectiva con los países de habla hispana de ésta área.

781 ## - ENTRADA DE ENLACE DE SUBDIVISIÓN--SUBDIVISIÓN GEOGRÁFICA

  • Subdivisión geográfica: América Latina

Powered by Koha